| 000 | 01158nam a22002177a 4500 | ||
|---|---|---|---|
| 999 |
_c10413 _d10413 |
||
| 003 | AR-CdUCM | ||
| 008 | 190401b ||||| |||| 00| 0 spa d | ||
| 040 |
_aMUNICIPALIDAD PROVINCIAL DEL CUSCO _cBIBLIOTECA MUNICIPAL DEL CUSCO |
||
| 082 |
_a320.8 / _bR21 / t.2 / 1962 |
||
| 100 |
_a Ramírez, Alfonso Francisco _911015 |
||
| 245 | _aAntología del pensamiento político / | ||
| 260 |
_aMéxico D. F. : _bTrillas S..A., _c1962. |
||
| 300 |
_a1090 paginas ; _bIlustraciones, _c24 cm. |
||
| 505 | _aContenido : Simund Freud : Psicología social, la familia Ceder, las masas -- Emilio Rabasa : Nuestra constitución, la suprema corte, los estados -- George Bernard : Democracia, Gobernar, la opinión publica, gente malvada -- Oscar Wilde : Personalidad, el estado, el descontento, recompensas -- Woodrow Wilson : El gobierno la fuerza manifiesta, el poder popular -- Jorge Plejanoz : Lucha política, economía y política, el medio geográfico... | ||
| 650 |
_aEstado y gpbierno _927250 |
||
| 650 |
_aPsicología social _94539 |
||
| 650 |
_aPropiedad privada _927251 |
||
| 650 |
_aDemocracia y educación _927252 |
||
| 942 |
_2ddc _cLIBROS |
||
| 945 | _awnts | ||